00271nam a2200097Ia 4500008004100000082001200041100001900053245008500072260000600157300001000163190415s9999 xx 000 0 und d aRL.0013 aLakshmanna, C. 0aStudy of scheduled caste and scheduled tribe high school students in Andhra Prad c0 a128p.